Opiniones acerca del crecimiento de la población, la planificación y el tamaño ideal de la familia en el Valle Central de Costa Rica /

Uloženo v:
Podrobná bibliografie
Hlavní autor: Gómez Barrantes, Miguel
Další autoři: Salazar Xirinachs, José Manuel
Médium: Text
Vydáno: Heredia y San José : UNA. Casa Presidencial. Oficina de Información
Tagy: Přidat tag
Žádné tagy, Buďte první, kdo vytvoří štítek k tomuto záznamu!

MARC

LEADER 00000 a a2200000 04500
001 16810
003
040
090 |a 1002 G633o  
100 |a Gómez Barrantes, Miguel  
245 |a Opiniones acerca del crecimiento de la población, la planificación y el tamaño ideal de la familia en el Valle Central de Costa Rica /  |c Miguel Gómez Barrantes 
260 |a Heredia y San José :   |b UNA. Casa Presidencial. Oficina de Información  
300 |a 64 p.  
700 |a Salazar Xirinachs, José Manuel  
999 |c 5416  |d 5416